Дискретные математические модели с приложениями к социальным биологическим и экологическим задачам: пер. с англ.

ग्रंथसूची विवरण
मुख्य लेखक: Робертс Ф. С. Фред С.
भाषा:रूसी
प्रकाशित: Москва, Наука, 1986
श्रृंखला:Теория и методы системного анализа
विषय:
स्वरूप: MixedMaterials पुस्तक
KOHA link:https://koha.lib.tpu.ru/cgi-bin/koha/opac-detail.pl?biblionumber=268117

MARC

LEADER 00000nam0a2200000 4500
001 268117
005 20231101234135.0
035 |a (RuTPU)RU\TPU\book\291244 
090 |a 268117 
100 |a 20140827d1986 km y0rusy50 ca 
101 1 |a rus  |c eng 
102 |a RU 
105 |a a z 001zy 
200 1 |a Дискретные математические модели с приложениями к социальным биологическим и экологическим задачам  |e пер. с англ.  |f Ф. С. Робертс 
210 |a Москва  |c Наука  |d 1986 
215 |a 496 с.  |c ил. 
225 1 |a Теория и методы системного анализа 
320 |a Библиогр.: с. 478-490 
320 |a Предметный указатель: с. 491-495 
606 1 |a Сложные системы  |x Математическое моделирование  |2 stltpush  |3 (RuTPU)RU\TPU\subj\55197  |9 73257 
610 1 |a графы 
610 1 |a приложения 
610 1 |a взвешенные орграфы 
610 1 |a импульсные процессы 
610 1 |a марковские цепи 
610 1 |a игры n лиц 
610 1 |a групповое принятие решений 
610 1 |a измерение 
610 1 |a полезность 
675 |a 519.876  |v 3 
700 1 |a Робертс  |b Ф. С.  |g Фред С. 
801 1 |a RU  |b 63413507  |c 20140827 
801 2 |a RU  |b 63413507  |c 20160929  |g RCR 
942 |c BK